Manual de Etica, Moral, Civica y Algo mas ... / (Registro nro. 24238)

Detalles MARC
000 -LEADER
fixed length control field 00581nam a22001817a 4500
003 - CONTROL NUMBER IDENTIFIER
control field DO-CoUTE
005 - DATE AND TIME OF LATEST TRANSACTION
control field 20260526135110.0
008 - FIXED-LENGTH DATA ELEMENTS--GENERAL INFORMATION
fixed length control field 260526b dr ||||| |||| 00| 0 spa d
040 ## - CATALOGING SOURCE
Original cataloging agency DO-CoUTE
Language of cataloging spa
Transcribing agency DO-CoUTE
082 ## - DEWEY DECIMAL CLASSIFICATION NUMBER
Classification number R RD170.M29462020
110 1# - MAIN ENTRY--CORPORATE NAME
Corporate name or jurisdiction name as entry element Defensor del pueblo
Relator term Autor
245 10 - TITLE STATEMENT
Title Manual de Etica, Moral, Civica y Algo mas ... /
Statement of responsibility, etc. Defensor de pueblo
260 ## - PUBLICATION, DISTRIBUTION, ETC.
Place of publication, distribution, etc. Republica Dominicana :
Name of publisher, distributor, etc. Editora Tele-3, S.R.L
Date of publication, distribution, etc. 2020
300 ## - PHYSICAL DESCRIPTION
Extent 95 paginas :
Dimensions 16cm,
504 ## - BIBLIOGRAPHY, ETC. NOTE
Bibliography, etc. note Incluye referencia bibliográfica e índice.
650 #4 - SUBJECT ADDED ENTRY--TOPICAL TERM
Topical term or geographic name entry element manual
942 ## - ADDED ENTRY ELEMENTS (KOHA)
Source of classification or shelving scheme Dewey Decimal Classification
Koha item type Folletos
Existencias
Withdrawn status Lost status Source of classification or shelving scheme Damaged status Not for loan Collection code Home library Current library Shelving location Date acquired Inventory number Total Checkouts Full call number Barcode Date last seen Copy number Price effective from Koha item type
    Dewey Decimal Classification     Colección Dominicana Biblioteca UTECO Biblioteca UTECO En Estantería 05/26/2026 023772   R RD170.M29462020 023772 05/26/2026 Ej.1 05/26/2026 Folletos
© 2021 Derechos Reservados UTECO - Teléfono: +1 809-585-2291 - Correo electrónico: biblioteca@uteco.edu.do​  
Código postal 43000 ​​
Dirección: Avenida Universitaria No. 100, 
Cotuí, Provincia Sánchez Ramírez, República Dominicana - RNC: 404-00059-6